000 00943nam a2200229Ia 4500
001 851-FOS ug op (15341)
003 IT-MiSPE
008 171229s9999||||xx |||||||||||||| ||und||
040 _aIT-MiSPE
_cIT-MiSPE
041 _aITALIANO
100 _aUgo Foscolo
245 0 _aPoesie
250 _anuova
260 _aFirenze
_bLe Monnier
_c1944
300 _aVI, 476 p.
_c19 cm
490 _aOpere di U.F.
501 _aEdizioni San Paolo srl - Piazza Soncino, 5 - 20092 CINISELLO BALSAMO (MI) (non commercial uses only) ® Copyright 2018
700 _aF.S. Orlandini
942 _cBK
957 _71
999 _a1718
_bNO
_g Copie: 1
_c354033
_d354033